| 000 | 00526nam a2200217Ia 4500 | ||
|---|---|---|---|
| 003 | OSt | ||
| 005 | 20140407082652.0 | ||
| 008 | 140130s9999 xx 000 0 und d | ||
| 020 | _a0439067545 | ||
| 050 |
_aQL 576.2 _b.R63 2003 |
||
| 100 |
_aRobinson, Fay _920804 |
||
| 245 |
_cFay Robinson _aCreepy beetles / |
||
| 260 |
_bScholastic, _c2000. _aNew York : |
||
| 300 |
_a23 p. : _bcol. ill. ; _c24 cm. |
||
| 440 |
_v1 _930870 |
||
| 521 | _aG2 | ||
| 526 | _c300 | ||
| 942 |
_cBK _2lcc |
||
| 999 |
_c40126 _d40126 |
||